| 000 | 00358nam a2200133Ia 4500 | ||
|---|---|---|---|
| 008 | 240624s9999 xx 000 0 und d | ||
| 041 | _aeng | ||
| 082 | _a658.409 BAI | ||
| 100 | _aBAILOM FRANZ | ||
| 245 | _aENDURING SUCCESS WHAT TOP COMPANIES DO D | ||
| 260 |
_c2007 _aNew York _bPalgrave Macmillan |
||
| 300 | _ax, : 204 : p. : cm. ; 24 | ||
| 365 |
_cGBP _b30 |
||
| 999 |
_c26666 _d26666 |
||